[Event "Stay Safe Play From Home 387"]
[Site "Emanuel Lasker Arena"]
[Date "2020.08.16"]
[Round "4"]
[White "Don59as"]
[Black "Möwe"]
[Result "1-0"]
[WhiteElo "1965"]
[BlackElo "1576"]
[Annotator "NA RC"]
[PlyCount "97"]
[EventDate "2020.08.16"]
[EventType "swiss (blitz)"]

1. c4 {[%emt 0:00:02]} c5 {[%emt 0:00:02]} 2. Nc3 {[%emt 0:00:01]} Nc6 {[%emt 0:00:00]} 3. g3 {[%emt 0:00:00]} e6 {[%emt 0:00:01]} 4. Bg2 {[%emt 0:00:01]} Nf6 {[%emt 0:00:01]} 5. e4 {[%emt 0:00:01]} d6 {[%emt 0:00:02]} 6. Nge2 {[%emt 0:00:01]} Be7 {[%emt 0:00:01]} 7. d4 {[%emt 0:00:01]} cxd4 {[%emt 0:00:01]} 8. Nxd4 {[%emt 0:00:00]} e5 {[%emt 0:00:01]} 9. Nxc6 {[%emt 0:00:06]} bxc6 {[%emt 0:00:01]} 10. O-O {[%emt 0:00:01]} O-O {[%emt 0:00:01]} 11. b3 {[%emt 0:00:01]} Bg4 {[%emt 0:00:02]} 12. f3 {[%emt 0:00:03]} Bh5 {[%emt 0:00:05]} 13. g4 {[%emt 0:00:02]} Bg6 {[%emt 0:00:02]} 14. Bb2 {[%emt 0:00:01]} d5 {[%emt 0:00:17]} 15. exd5 {[%emt 0:00:10]} cxd5 {[%emt 0:00:01]} 16. g5 {[%emt 0:00:01]} Nh5 {[%emt 0:00:08]} 17. Nxd5 {[%emt 0:00:04]} Bc5+ {[%emt 0:00:02]} 18. Kh1 {[%emt 0:00:04]} Nf4 {[%emt 0:00:09]} 19. Nxf4 {[%emt 0:00:16]} exf4 {[%emt 0:00:02]} 20. h4 {[%emt 0:00:03]} Be3 {[%emt 0:00:12]} 21. Qxd8 {[%emt 0:00:02]} Raxd8 {[%emt 0:00:02]} 22. Rad1 {[%emt 0:00:00]} Rfe8 {[%emt 0:00:06]} 23. Bh3 {[%emt 0:00:07]} Rxd1 {[%emt 0:00:13]} 24. Rxd1 {[%emt 0:00:02]} h6 {[%emt 0:00:03]} 25. gxh6 {[%emt 0:00:06]} gxh6 {[%emt 0:00:01]} 26. b4 {[%emt 0:00:11]} Bc2 {[%emt 0:00:08]} 27. Rd7 {[%emt 0:00:06]} Bb1 {[%emt 0:00:32]} 28. a3 {[%emt 0:00:04]} Ba2 {[%emt 0:00:02]} 29. c5 {[%emt 0:00:02]} a6 {[%emt 0:00:02]} 30. c6 {[%emt 0:00:02]} Be6 {[%emt 0:00:07]} 31. Bxe6 {[%emt 0:00:01]} fxe6 {[%emt 0:00:01]} 32. c7 {[%emt 0:00:02]} Bb6 {[%emt 0:00:02]} 33. Be5 {[%emt 0:00:05]} Rc8 {[%emt 0:00:01]} 34. Bxf4 {[%emt 0:00:05]} h5 {[%emt 0:00:02]} 35. Be5 {[%emt 0:00:01]} Kf8 {[%emt 0:00:01]} 36. f4 {[%emt 0:00:04]} Ke8 {[%emt 0:00:02]} 37. Rh7 {[%emt 0:00:01]} a5 {[%emt 0:00:07]} 38. Rxh5 {[%emt 0:00:01]} axb4 {[%emt 0:00:07]} 39. axb4 {[%emt 0:00:01]} Kd7 {[%emt 0:00:03]} 40. Rh7+ {[%emt 0:00:02]} Kc6 {[%emt 0:00:01]} 41. Re7 {[%emt 0:00:12]} Kd5 {[%emt 0:00:01]} 42. Kg2 {[%emt 0:00:02]} Rg8+ {[%emt 0:00:01]} 43. Kf3 {[%emt 0:00:01]} Rc8 {[%emt 0:00:14]} 44. h5 {[%emt 0:00:02]} Kc4 {[%emt 0:00:13]} 45. Rxe6 {[%emt 0:00:02]} Kxb4 {[%emt 0:00:01]} 46. Rxb6+ {[%emt 0:00:01]} Kc5 {[%emt 0:00:03]} 47. Rb8 {[%emt 0:00:01]} Rxc7 {[%emt 0:00:01]} 48. Bxc7 {[%emt 0:00:02]} Kc6 {[%emt 0:00:01]} 49. Be5 {[%emt 0:00:02] Möwe gibt auf Möwe gibt auf Möwe gibt auf (Lag: Av=0.69s, max=1.2s) (Lag: Av=0.69s, max=1.2s) (Lag: Av=0.69s, max=1.2s)} 1-0

[Event "Stay Safe Play From Home 387"]
[Site "Emanuel Lasker Arena"]
[Date "2020.08.16"]
[Round "4"]
[White "Lazieri3"]
[Black "Uttamchess"]
[Result "1-0"]
[WhiteElo "1928"]
[BlackElo "2019"]
[Annotator "TA"]
[PlyCount "69"]
[EventDate "2020.08.16"]
[EventType "swiss (blitz)"]

{[%evp 9,69,-10,-4,-22,47,-22,-17,-7,40,-2,10,-29,0,-13,-18,-20,-25,-15,0,-46,53,29,42,50,43,-25,-27,-37,-28,-19,-19,-325,-334,-309,90,87,114,124,582,425,741,727,1294,1215,29992,29993,29994,29994,29994,29995,29998,29992,29992,29993,29993,29985,29994,29991,29991,29992,29992,1314]} 1. e4 c5 2. Nc3 Nc6 3. d3 d6 4. Nf3 g6 5. Be3 Bg7 6. Qd2 {B50: Sicilian: 2...d6, Miscellaneous.} Rb8 (6... e5 $11) 7. a4 {[#]} ({White should try} 7. d4 $14) 7... Nd4 $146 ({Predecessor:} 7... Nf6 8. Bh6 Bxh6 9. Qxh6 Nd4 10. Nxd4 cxd4 11. Nb5 Qb6 12. c3 a6 13. Nxd4 Qxb2 {½-½ (52) Schoewel,M (2211)-Lagunow,A (2421) Berlin 2017}) 8. Be2 {The position is equal.} e6 9. Bd1 a6 10. Ra2 b5 11. axb5 axb5 12. Ne2 {[%cal Re2d4]} Nxf3+ 13. gxf3 Qc7 14. c3 b4 ({Black should play} 14... e5 $15) 15. Ba4+ Bd7 16. Bxd7+ Qxd7 17. d4 (17. cxb4 $14 cxb4 18. Ra7) 17... bxc3 $11 18. bxc3 cxd4 19. cxd4 Ne7 20. Bh6 $2 {[%mdl 8192]} (20. Rb2 $11 {and White is okay.} O-O 21. O-O) 20... Bxh6 $19 21. Qxh6 Nc6 $2 {[#]} (21... Rb1+ $19 22. Nc1 Qb5) 22. O-O $1 $36 {[%mdl 2048] Black is under strong pressure.} Qe7 23. Rc1 Kd7 $2 {[%mdl 8192]} (23... Nd8 $16 {is tougher.}) 24. d5 exd5 (24... Nd8 $142 25. Qg7 Qg5+ 26. Kf1 Qe5 27. dxe6+ Ke8 28. exf7+ Nxf7 29. Qxe5+ dxe5) 25. exd5 $18 Na5 26. Rxa5 {White wants to mate with Ra7+.} Qxe2 27. Ra7+ {White mates.} Ke8 {[#]} 28. Qg7 $1 {[%cal Rg7h8][%mdl 512]} Rf8 29. Qc3 Rg8 {[#]} 30. Re1 $1 {[%mdl 512]} Qxe1+ 31. Qxe1+ Kf8 32. Qc3 h5 {[#]} 33. Qf6 $1 {[%csl Ga7][%cal Rf6f7][%mdl 64] Double Attack} Rg7 34. Qxd6+ {[%mdl 64] Double Attack} Kg8 35. Qxb8+ {Accuracy: White = 55%, Black = 40%.} 1-0

[Event "Stay Safe Play From Home 387"]
[Site "Emanuel Lasker Arena"]
[Date "2020.08.16"]
[Round "4"]
[White "Haris kollari 13"]
[Black "Hickey"]
[Result "0-1"]
[WhiteElo "1886"]
[BlackElo "2118"]
[Annotator "NA RC"]
[PlyCount "140"]
[EventDate "2020.08.16"]
[EventType "swiss (blitz)"]

1. e4 {[%emt 0:00:02]} c6 {[%emt 0:00:01]} 2. d4 {[%emt 0:00:04]} d5 {[%emt 0:00:01]} 3. e5 {[%emt 0:00:01]} Bf5 {[%emt 0:00:02]} 4. f4 {[%emt 0:00:06]} e6 {[%emt 0:00:02]} 5. Nf3 {[%emt 0:00:01]} Nd7 {[%emt 0:00:07]} 6. Bd3 {[%emt 0:00:03]} Ne7 {[%emt 0:00:01]} 7. c3 {[%emt 0:00:03]} c5 {[%emt 0:00:04]} 8. g4 {[%emt 0:00:02]} Bxd3 {[%emt 0:00:05]} 9. Qxd3 {[%emt 0:00:01]} h5 {[%emt 0:00:00]} 10. g5 {[%emt 0:00:03]} Nf5 {[%emt 0:00:03]} 11. dxc5 {[%emt 0:00:03]} Bxc5 {[%emt 0:00:00]} 12. Bd2 {[%emt 0:00:03]} Qb6 {[%emt 0:00:06]} 13. b4 {[%emt 0:00:06]} Bf2+ {[%emt 0:00:14]} 14. Ke2 {[%emt 0:00:04]} a5 {[%emt 0:00:23]} 15. Rf1 {[%emt 0:00:10]} Bh4 {[%emt 0:00:03]} 16. Nxh4 {[%emt 0:00:08]} Nxh4 {[%emt 0:00:00]} 17. Be3 {[%emt 0:00:05]} Qc6 {[%emt 0:00:10]} 18. b5 {[%emt 0:00:02]} Qc7 {[%emt 0:00:02]} 19. a4 {[%emt 0:00:02]} Nf5 {[%emt 0:00:03]} 20. Bd4 {[%emt 0:00:05]} Nb6 {[%emt 0:00:03]} 21. Nd2 {[%emt 0:00:02]} Rc8 {[%emt 0:00:12]} 22. Rfc1 {[%emt 0:00:05]} g6 {[%emt 0:00:02]} 23. Bxb6 {[%emt 0:00:38]} Qxb6 {[%emt 0:00:00]} 24. Nf3 {[%emt 0:00:10]} O-O {[%emt 0:00:15]} 25. Nd4 {[%emt 0:00:03]} Ne7 {[%emt 0:00:23]} 26. c4 {[%emt 0:00:17]} Rfd8 {[%emt 0:00:06]} 27. cxd5 {[%emt 0:00:12]} Nxd5 {[%emt 0:00:00]} 28. Kf3 {[%emt 0:00:10]} Rxc1 {[%emt 0:00:20]} 29. Rxc1 {[%emt 0:00:02]} Nb4 {[%emt 0:00:01]} 30. Qe3 {[%emt 0:00:16]} Qxd4 {[%emt 0:00:05]} 31. Qxd4 {[%emt 0:00:01]} Rxd4 {[%emt 0:00:00]} 32. Rc7 {[%emt 0:00:02]} b6 {[%emt 0:00:03]} 33. Rb7 {[%emt 0:00:02]} Nd5 {[%emt 0:00:01]} 34. f5 {[%emt 0:00:03]} gxf5 {[%emt 0:00:03]} 35. g6 {[%emt 0:00:02]} fxg6 {[%emt 0:00:02]} 36. Ke2 {[%emt 0:00:03]} Re4+ {[%emt 0:00:02]} 37. Kd3 {[%emt 0:00:01]} Rxe5 {[%emt 0:00:00]} 38. Kd4 {[%emt 0:00:05]} Re4+ {[%emt 0:00:00]} 39. Kd3 {[%emt 0:00:01]} Rxa4 {[%emt 0:00:01]} 40. Rb8+ {[%emt 0:00:01]} Kf7 {[%emt 0:00:01]} 41. Rd8 {[%emt 0:00:04]} Rb4 {[%emt 0:00:03]} 42. Rd7+ {[%emt 0:00:01]} Kf6 {[%emt 0:00:03]} 43. Rd6 {[%emt 0:00:02]} Rxb5 {[%emt 0:00:02]} 44. Kc4 {[%emt 0:00:00]} Rb4+ {[%emt 0:00:01]} 45. Kd3 {[%emt 0:00:01]} Rh4 {[%emt 0:00:00]} 46. h3 {[%emt 0:00:05]} Rxh3+ {[%emt 0:00:00]} 47. Kd4 {[%emt 0:00:00]} Rh1 {[%emt 0:00:00]} 48. Kd3 {[%emt 0:00:01]} Rh3+ {[%emt 0:00:01]} 49. Kd4 {[%emt 0:00:01]} h4 {[%emt 0:00:01]} 50. Rc6 {[%emt 0:00:02]} g5 {[%emt 0:00:00]} 51. Rc8 {[%emt 0:00:01]} Rg3 {[%emt 0:00:00]} 52. Rh8 {[%emt 0:00:01]} Ke7 {[%emt 0:00:00]} 53. Rh7+ {[%emt 0:00:07]} Kd6 {[%emt 0:00:02]} 54. Rh8 {[%emt 0:00:02]} Rg4+ {[%emt 0:00:00]} 55. Kd3 {[%emt 0:00:01]} Ke5 {[%emt 0:00:00]} 56. Rh6 {[%emt 0:00:03]} Rd4+ {[%emt 0:00:00]} 57. Ke2 {[%emt 0:00:02]} a4 {[%emt 0:00:00]} 58. Rh8 {[%emt 0:00:02]} b5 {[%emt 0:00:03]} 59. Rb8 {[%emt 0:00:01]} b4 {[%emt 0:00:02]} 60. Ra8 {[%emt 0:00:01]} a3 {[%emt 0:00:00]} 61. Ra4 {[%emt 0:00:01]} h3 {[%emt 0:00:01]} 62. Kf3 {[%emt 0:00:01]} g4+ {[%emt 0:00:00]} 63. Kg3 {[%emt 0:00:01]} Rd3+ {[%emt 0:00:03]} 64. Kh2 {[%emt 0:00:01]} Rd2+ {[%emt 0:00:01]} 65. Kg1 {[%emt 0:00:02]} h2+ {[%emt 0:00:03]} 66. Kh1 {[%emt 0:00:01]} g3 {[%emt 0:00:01]} 67. Rxa3 {[%emt 0:00:08]} Rd1+ {[%emt 0:00:00]} 68. Kg2 {[%emt 0:00:01]} h1=Q+ {[%emt 0:00:00]} 69. Kxg3 {[%emt 0:00:01]} Rg1+ {[%emt 0:00:04]} 70. Kf2 {[%emt 0:00:01]} Qg2# {[%emt 0:00:00] (Lag: Av=0.65s, max=1.2s) (Lag: Av=0.65s, max=1.2s) (Lag: Av=0.65s, max=1.2s)} 0-1

[Event "Stay Safe Play From Home 387"]
[Site "Emanuel Lasker Arena"]
[Date "2020.08.16"]
[Round "4"]
[White "buzaglo"]
[Black "Salza1"]
[Result "1-0"]
[WhiteElo "1747"]
[BlackElo "1407"]
[Annotator "NA RC"]
[PlyCount "129"]
[EventDate "2020.08.16"]
[EventType "swiss (blitz)"]
[BlackTeam "SF Bad Tölz"]

{- Ullrich, Alfred (1356)} 1. d4 {[%emt 0:00:01]} d5 {[%emt 0:00:02]} 2. Nf3 {[%emt 0:00:01]} e6 {[%emt 0:00:01]} 3. g3 {[%emt 0:00:02]} Be7 {[%emt 0:00:01]} 4. Bg2 {[%emt 0:00:01]} Nf6 {[%emt 0:00:01]} 5. O-O {[%emt 0:00:01]} b6 {[%emt 0:00:05]} 6. Nbd2 {[%emt 0:00:01]} Bb7 {[%emt 0:00:01]} 7. c4 {[%emt 0:00:01]} c6 {[%emt 0:00:16]} 8. b3 {[%emt 0:00:04]} Nbd7 {[%emt 0:00:02]} 9. Re1 {[%emt 0:00:06]} Bb4 {[%emt 0:00:13]} 10. a3 {[%emt 0:00:03]} Bxd2 {[%emt 0:00:04]} 11. Bxd2 {[%emt 0:00:01]} Ne4 {[%emt 0:00:04]} 12. Bf4 {[%emt 0:00:06]} O-O {[%emt 0:00:35]} 13. Ne5 {[%emt 0:00:06]} Nef6 {[%emt 0:00:14]} 14. Rc1 {[%emt 0:00:10]} Nxe5 {[%emt 0:00:07]} 15. dxe5 {[%emt 0:00:05]} Nh5 {[%emt 0:00:09]} 16. Bd2 {[%emt 0:00:04]} f5 {[%emt 0:00:07]} 17. exf6 {[%emt 0:00:14]} Nxf6 {[%emt 0:00:13]} 18. Bg5 {[%emt 0:00:13]} h6 {[%emt 0:00:23]} 19. Bf4 {[%emt 0:00:03]} Qe7 {[%emt 0:00:15]} 20. b4 {[%emt 0:00:21]} Rad8 {[%emt 0:00:10]} 21. Qc2 {[%emt 0:00:03]} e5 {[%emt 0:00:10]} 22. Bd2 {[%emt 0:00:08]} e4 {[%emt 0:00:06]} 23. cxd5 {[%emt 0:00:06]} cxd5 {[%emt 0:00:04]} 24. Qb3 {[%emt 0:00:03]} Ng4 {[%emt 0:00:10]} 25. Rf1 {[%emt 0:00:21]} Kh7 {[%emt 0:00:01]} 26. Bf4 {[%emt 0:00:06]} g5 {[%emt 0:00:07]} 27. Bc7 {[%emt 0:00:02]} Rd7 {[%emt 0:00:04]} 28. h3 {[%emt 0:00:06]} Ne5 {[%emt 0:00:07]} 29. Bxe5 {[%emt 0:00:02]} Qxe5 {[%emt 0:00:01]} 30. Rcd1 {[%emt 0:00:17]} d4 {[%emt 0:00:09]} 31. Qc4 {[%emt 0:00:16]} Bd5 {[%emt 0:00:03]} 32. Qb5 {[%emt 0:00:02]} Rdf7 {[%emt 0:00:04]} 33. Qa4 {[%emt 0:00:32]} Ba8 {[%emt 0:00:03]} 34. b5 {[%emt 0:00:02]} e3 {[%emt 0:00:02]} 35. Bxa8 {[%emt 0:00:25]} Rxa8 {[%emt 0:00:03]} 36. Qxd4 {[%emt 0:00:03]} Qxd4 {[%emt 0:00:03]} 37. Rxd4 {[%emt 0:00:01]} exf2+ {[%emt 0:00:01]} 38. Rxf2 {[%emt 0:00:01]} Raf8 {[%emt 0:00:02]} 39. Rxf7+ {[%emt 0:00:02]} Rxf7 {[%emt 0:00:01]} 40. a4 {[%emt 0:00:02]} Kg6 {[%emt 0:00:02]} 41. Kg2 {[%emt 0:00:01]} h5 {[%emt 0:00:02]} 42. Re4 {[%emt 0:00:02]} Rd7 {[%emt 0:00:02]} 43. Re6+ {[%emt 0:00:01]} Kf5 {[%emt 0:00:02]} 44. Re3 {[%emt 0:00:03]} Rd4 {[%emt 0:00:02]} 45. Ra3 {[%emt 0:00:02]} Rb4 {[%emt 0:00:02]} 46. Kf2 {[%emt 0:00:01]} Rb2 {[%emt 0:00:01]} 47. Rf3+ {[%emt 0:00:02]} Ke4 {[%emt 0:00:01]} 48. Re3+ {[%emt 0:00:01]} Kd4 {[%emt 0:00:01]} 49. Rd3+ {[%emt 0:00:00]} Kc4 {[%emt 0:00:01]} 50. Re3 {[%emt 0:00:03]} Kb4 {[%emt 0:00:03]} 51. Re4+ {[%emt 0:00:01]} Kc5 {[%emt 0:00:01]} 52. Re5+ {[%emt 0:00:01]} Kb4 {[%emt 0:00:01]} 53. Rxg5 {[%emt 0:00:00]} Kxa4 {[%emt 0:00:01]} 54. Rxh5 {[%emt 0:00:00]} Rxb5 {[%emt 0:00:03]} 55. Rh4+ {[%emt 0:00:01]} Rb4 {[%emt 0:00:01]} 56. Rh7 {[%emt 0:00:01]} a5 {[%emt 0:00:02]} 57. g4 {[%emt 0:00:00]} Rb2 {[%emt 0:00:02]} 58. g5 {[%emt 0:00:01]} Ka3 {[%emt 0:00:01]} 59. g6 {[%emt 0:00:01]} b5 {[%emt 0:00:01]} 60. g7 {[%emt 0:00:01]} b4 {[%emt 0:00:01]} 61. g8=Q {[%emt 0:00:01]} b3 {[%emt 0:00:01]} 62. Rb7 {[%emt 0:00:02]} a4 {[%emt 0:00:01]} 63. Qe8 {[%emt 0:00:02]} Ka2 {[%emt 0:00:01]} 64. Ra7 {[%emt 0:00:01]} Ka1 {[%emt 0:00:01]} 65. Rxa4+ {[%emt 0:00:01] Zeit Zeit Zeit (Lag: Av=0.60s, max=1.4s) (Lag: Av=0.60s, max=1.4s) (Lag: Av=0.60s, max=1.4s)} 1-0

[Event "Stay Safe Play From Home 387"]
[Site "Emanuel Lasker Arena"]
[Date "2020.08.16"]
[Round "4"]
[White "Dukic"]
[Black "Ionelluca"]
[Result "0-1"]
[WhiteElo "1717"]
[BlackElo "1996"]
[Annotator "TA"]
[PlyCount "80"]
[EventDate "2020.08.16"]
[EventType "swiss (blitz)"]

{[%evp 9,80,50,63,58,93,40,39,0,0,-13,-19,-53,-56,-45,-47,-47,-56,-54,-39,-52,-45,-35,-6,-43,22,0,53,19,14,7,82,0,37,-6,50,0,0,0,15,0,55,-12,-12,-20,-20,-289,-289,-270,-286,-243,-16,-12,-38,-159,-145,-189,-189,-211,-202,-202,-199,-186,-182,-233,-206,-331,-353,-394,0,0,-29,-12837,-12836]} 1. c4 c5 2. Nc3 e5 3. Nf3 Nc6 4. e3 d6 5. d4 exd4 6. exd4 {A35: Symmetrical English: 2 Nc3 Nc6 3 Nf3.} Bg4 7. dxc5 (7. Be2 $16) 7... dxc5 $14 8. Nd5 {[#] White is slightly better.} Nf6 $146 ({Predecessor:} 8... Bd6 9. Ne3 Qe7 10. Be2 Nf6 11. h3 Be6 12. Nd5 Bxd5 13. cxd5 Nb4 14. O-O O-O {1-0 (23) Keene,R-Garcia,W Camaguey 1974}) 9. Bg5 {Hoping for Qe2+.} Be7 10. Nxe7 Qxe7+ 11. Qe2 Bxf3 12. Qxe7+ Kxe7 13. gxf3 Rhd8 14. Bg2 h6 15. Be3 Nd4 {aiming for ...Nc2+.} 16. O-O g5 ({Better is} 16... Nh5 $15) 17. Rab1 Rab8 (17... Kf8 $11) 18. Rfe1 {Bxd4+ is the strong threat.} (18. Rbe1 $5 {[%cal Re3d4]} Kf8 19. f4 $14) 18... Kf8 19. f4 g4 {[#]} (19... Ne6 $11 {keeps the balance.}) 20. Kf1 ({White should try} 20. f5 $1 $16 {[%mdl 512]}) 20... b5 21. b3 Kg7 (21... bxc4 $11 22. bxc4 Rb6) 22. Rec1 b4 23. Rd1 Kg6 24. Rd3 Rd7 (24... Nf5 $11 25. Rbd1 Rxd3 26. Rxd3 Nxe3+ 27. fxe3 Re8) 25. Rbd1 (25. Bxd4 $14 cxd4 26. c5) 25... Rbd8 $11 26. h3 h5 27. Ra1 $2 {[%mdl 8192]} (27. Bc1 $11) 27... Nc2 $1 $19 {[%csl LRa1,LRd3][%mdl 64] Discovered Attack} 28. Rxd7 Rxd7 29. Rc1 Nd4 $2 (29... Nxe3+ $19 30. fxe3 Rd2) 30. Rd1 Kf5 31. Rd2 {[#]} (31. Bc1 $15) 31... Ne4 $1 $36 {[%cal Re4d2][%mdl 2048] Black has strong initiative.} 32. Rd3 Rd6 33. hxg4+ hxg4 34. Rd1 Nc3 35. Rd2 {[#]} Ke6 $1 36. Kg1 (36. Bxd4 $142 Rxd4 37. Rxd4 cxd4 38. Ke1) 36... f5 37. Kh2 (37. Kf1 $142) 37... Nf3+ $19 38. Bxf3 Rxd2 $2 ({Black should play} 38... gxf3 $19 39. Rxd6+ Kxd6) 39. Bxd2 $11 gxf3 40. Kg3 $2 {[%mdl 8192]} (40. a4 $11) 40... Ne4+ {[%mdl 64] Double Attack. Accuracy: White = 42%, Black = 61%.} 0-1

[Event "Stay Safe Play From Home 387"]
[Site "Emanuel Lasker Arena"]
[Date "2020.08.16"]
[Round "4"]
[White "Timbre"]
[Black "Imadns"]
[Result "0-1"]
[WhiteElo "1635"]
[BlackElo "2014"]
[PlyCount "38"]
[EventDate "2020.08.16"]
[EventType "swiss (blitz)"]

1. d4 {[%emt 0:00:11]} d5 {[%emt 0:00:08]} 2. Nf3 {[%emt 0:00:01]} Nf6 {[%emt 0:00:06]} 3. c3 {[%emt 0:00:01]} c5 {[%emt 0:00:09]} 4. Bf4 {[%emt 0:00:03]} g6 {[%emt 0:00:07]} 5. e3 {[%emt 0:00:02]} cxd4 {[%emt 0:00:06]} 6. exd4 {[%emt 0:00:02]} Qb6 {[%emt 0:00:06]} 7. Qc1 {[%emt 0:00:08]} Bf5 {[%emt 0:00:06]} 8. Na3 {[%emt 0:00:05]} Nc6 {[%emt 0:00:06]} 9. Be2 {[%emt 0:00:07]} e6 {[%emt 0:00:05]} 10. Be5 {[%emt 0:00:04]} Nxe5 {[%emt 0:00:08]} 11. Nxe5 {[%emt 0:00:02]} Bxa3 {[%emt 0:00:03]} 12. bxa3 {[%emt 0:00:03]} h5 {[%emt 0:00:00]} 13. Rb1 {[%emt 0:00:05]} Qxb1 {[%emt 0:00:06]} 14. Qxb1 {[%emt 0:00:05]} Bxb1 {[%emt 0:00:06]} 15. Bb5+ {[%emt 0:00:02]} Ke7 {[%emt 0:00:04]} 16. O-O {[%emt 0:00:03]} Bf5 {[%emt 0:00:05]} 17. c4 {[%emt 0:00:01]} a6 {[%emt 0:00:04]} 18. Ba4 {[%emt 0:00:03]} dxc4 {[%emt 0:00:05]} 19. Nxc4 {[%emt 0:00:03]} b5 {[%emt 0:00:05] Timbre resigns Timbre resigns Timbre resigns (Lag: Av=0.35s, max=0.5s) (Lag: Av=0.35s, max=0.5s) (Lag: Av=0.35s, max=0.5s)} 0-1

[Event "Stay Safe Play From Home 387"]
[Site "Emanuel Lasker Arena"]
[Date "2020.08.16"]
[Round "5"]
[White "Hickey"]
[Black "Mepe_Nika"]
[Result "0-1"]
[WhiteElo "2125"]
[BlackElo "2282"]
[Annotator "TA"]
[PlyCount "112"]
[EventDate "2020.08.16"]
[EventType "swiss (blitz)"]

{[%evp 9,112,0,12,12,22,22,19,8,25,19,32,23,15,6,15,12,21,16,27,0,0,0,0,0,0,0,0,0,3,0,44,52,57,58,57,48,63,64,65,68,94,91,129,129,122,129,129,130,158,160,163,82,82,83,85,70,98,25,34,7,11,10,23,0,3,3,3,3,3,1,8,0,0,0,8,0,0,0,0,0,-8,-615,-29,-29977,-29970,-29977,-29978,-29978,-29979,-29979,-29980,-29980,-29981,-29981,-29980,-29982,-29982,-29983,-29983,-29983,-29982,-29983,-29984,-29984,-29984]} 1. b3 d5 2. Bb2 Bf5 3. Nf3 e6 4. e3 Nf6 5. Be2 Be7 6. Nh4 {A06: Réti Opening: 1 Nf3 d5.} O-O 7. Nxf5 exf5 8. O-O {The position is equal.} Nbd7 9. c4 c6 {[#]} 10. d3 $146 ({Predecessor:} 10. Nc3 Nc5 11. Qc2 Qd7 12. cxd5 cxd5 13. Bb5 Qe6 14. Ne2 Qe4 15. d3 Qh4 16. Nd4 {½-½ (41) Czachor,G (2078)-Fudalej,M (2211) Jastrzebia Gora 2016}) 10... Re8 11. Nd2 g6 12. Nf3 Bf8 13. Rc1 Bg7 14. cxd5 Nxd5 15. Bxg7 Kxg7 16. Qd2 a5 17. Qb2+ Qf6 18. d4 Nb4 19. Bc4 h5 20. a3 Na6 21. b4 axb4 22. axb4 Nb6 23. b5 cxb5 24. Bxb5 Rec8 25. Ne5 Nd5 26. Bc4 Nab4 27. Bxd5 Nxd5 28. Qxb7 Rd8 29. Rc6 Rab8 30. Qxb8 ({But not} 30. Rxf6 Rxb7 31. Rc6 f4 $14) (30. Qa7 $18 Ra8 31. Qc5 (31. Rxf6 Rxa7 32. Rc6 Ne7 $16)) 30... Rxb8 $16 31. Rxf6 Nxf6 $18 {[%mdl 4096] Endgame KRN-KRN} 32. Rc1 Rb7 33. f3 (33. h3 $16) 33... Nd5 $11 34. Re1 Rb2 35. g3 h4 36. Nd3 Rb3 37. Nc5 Rxe3 38. Rxe3 Nxe3 39. gxh4 {KN-KN} Kf6 40. h5 gxh5 41. Nd3 h4 42. Nf4 Nc2 43. d5 Ke5 44. Ng2 h3 45. Nh4 $2 {[%mdl 8192]} (45. d6 $11 Nd4 46. f4+ Ke6 47. Ne3) 45... Ne3 $2 ({Better is} 45... Nd4 $19 46. d6 f4) 46. Kf2 $2 {[%mdl 8192] [#]} (46. f4+ $11 Kxd5 47. Nf3) 46... Nxd5 {Black mates.} 47. Kg3 Nf4 48. Kf2 Kf6 49. Kg3 Kg5 50. Nxf5 Kxf5 {KN-KPP} 51. Kh4 f6 52. Kg3 Kg5 53. Kf2 Kh4 54. Ke3 Ne6 55. Ke4 Kg5 56. f4+ Nxf4 {Never resign too early! Accuracy: White = 74%, Black = 81%.} 0-1

[Event "Stay Safe Play From Home 387"]
[Site "Emanuel Lasker Arena"]
[Date "2020.08.16"]
[Round "5"]
[White "Ionelluca"]
[Black "SelamiSahin"]
[Result "1-0"]
[WhiteElo "2001"]
[BlackElo "2183"]
[Annotator "TA"]
[PlyCount "95"]
[EventDate "2020.08.16"]
[EventType "swiss (blitz)"]

{[%evp 9,95,-88,-57,-45,-43,-35,-40,-44,-12,-291,-22,-124,-28,-28,-33,-68,-2,-21,-8,-13,0,-9,8,-12,22,0,0,0,30,22,32,41,33,30,41,40,34,17,62,43,518,521,542,533,514,520,665,660,857,679,852,894,1158,1140,1729,1715,1714,1631,1507,1445,1701,1825,2493,2306,5497,5428,5410,4389,29976,29982,29982,29983,29985,29986,29986,29987,29989,29990,29990,29991,29991,29992,29993,29992,29992,29991,29991,29992]} 1. e4 c6 2. d3 d5 3. Nc3 e5 4. Bd2 Nf6 {[#]} 5. Nge2 $146 ({Predecessor:} 5. g3 Bc5 6. h3 Qb6 7. Qe2 Qxb2 8. Rb1 Qxc2 9. exd5 Bd4 10. Rc1 Qb2 11. Rb1 Qa3 {0-1 (37) Volkovski,R (1742)-Schmid,M (2227) Schweinfurt 2014}) 5... Bd6 6. Ng3 {B11: Caro-Kann: Two Knights Variation.} O-O 7. Be2 Be6 8. O-O {Black is slightly better.} Nbd7 (8... d4 $5 9. Nb1 $8 Nbd7 $11) 9. Rb1 $2 {[%mdl 8192] [#]} (9. exd5 $11 {and White stays safe.} Nxd5 10. Nce4) 9... Re8 $2 (9... d4 $19 10. b3 dxc3 11. Bxc3 Qb6) 10. Qc1 (10. exd5 $11 {remains equal.} cxd5 11. Nb5) 10... dxe4 ({Black should play} 10... d4 $17 11. Nd1 Bxa2) 11. Ncxe4 Nxe4 12. dxe4 Qb6 (12... Bxa2 $15 13. Ra1 Be6) 13. Kh1 f6 ({But not} 13... Bxa2 $2 14. Ra1 $18) 14. a3 Rad8 15. b3 Bc5 16. f3 Kh8 17. c4 Bd4 18. b4 a6 19. c5 Qc7 20. Bc4 Nf8 21. Nf5 Bxc4 22. Qxc4 Ne6 23. Rbd1 Rd7 24. Nd6 Red8 $2 {[%mdl 8192] [#] Black is on the road to losing.} (24... Ree7 $14) 25. Qxe6 $18 Rf8 26. f4 Re7 27. Qg4 b6 28. Nf5 Rd7 29. Be3 Bxe3 30. Nxe3 Rxd1 31. Rxd1 exf4 32. Rd7 Qxd7 33. Qxd7 fxe3 {[%mdl 4096] Endgame KQ-KR} 34. Kg1 bxc5 35. bxc5 Rb8 36. Kf1 h6 37. Ke2 Rb2+ 38. Kxe3 Rxg2 39. Qxc6 {White mates.} Rxh2 40. Qxa6 h5 41. c6 Rc2 42. Qb7 h4 43. c7 Kh7 44. c8=Q Rxc8 45. Qxc8 g5 46. Qg4 Kg6 47. a4 h3 48. Qxh3 {Accuracy: White = 78%, Black = 36%.} 1-0